Presidenti del Consiglio (con foto) - Statistics

Statistiche generali
  • Questo quiz è stato fatto 892 volte
    620 dall'ultimo reset
  • Il punteggio medio è 19 su 31
Statistiche sulle risposte
con Immagini Risposta % Corretto
Giorgia Meloni
98%
Giuseppe Conte
97%
Silvio Berlusconi
97%
Matteo Renzi
96%
Mario Draghi
95%
Giulio Andreotti
85%
Bettino Craxi
84%
Enrico Letta
83%
Paolo Gentiloni
80%
Mario Monti
78%
Romano Prodi
78%
Alcide de Gasperi
73%
Carlo Azeglio Ciampi
71%
Francesco Cossiga
71%
Massimo D'Alema
67%
Aldo Moro
66%
Giovanni Leone
64%
Giuliano Amato
55%
Antonio Segni
49%
Lamberto Dini
42%
Amintore Fanfani
41%
Giovanni Spadolini
41%
Ciriaco De Mita
36%
Arnaldo Forlani
32%
Giovanni Goria
32%
Fernando Tambroni
27%
Mariano Rumor
27%
Mario Scelba
26%
Emilio Colombo
22%
Giuseppe Pella
22%
Adone Zoli
18%
Nessun quiz corrispondente trovato
Distribuzione punteggi
Percentuale di utenti per punteggio
Percentile per numero di risposta
I tuoi punteggi nel tempo
Non hai fatto questo quiz dall'ultimo reset